De l'emotion aux troubles nutritifs (Record no. 78635)

MARC details
000 -LEADER
campo de control de longitud fija 00598nam a2200169 i 4500
001 - NÚMERO DE CONTROL
campo de control 78635
003 - IDENTIFICADOR DE NÚMERO DE CONTROL
campo de control ES-MaACL
005 - FECHA Y HORA DE LA ÚLTIMA TRANSACCIÓN
campo de control 20230906173753.0
007 - CAMPO FIJO DE DESCRIPCIÓN FÍSICA--INFORMACIÓN GENERAL
campo de control de longitud fija t|
008 - DATOS DE LONGITUD FIJA--INFORMACIÓN GENERAL
campo de control de longitud fija 041015s1917 fr ||||1| fre d
100 1# - ENTRADA PRINCIPAL--NOMBRE DE PERSONA
Nombre de persona Heckel, Francis.
9 (RLIN) 62282
245 10 - MENCIÓN DEL TÍTULO
Título De l'emotion aux troubles nutritifs
Resto del título : ; La Névrose d'Angoisse et les états d'emotivité anxieuse : clinique, pathogenie, traitement /
Mención de responsabilidad, etc. Francis Heckel.
260 ## - PUBLICACIÓN, DISTRIBUCIÓN, ETC.
Lugar de publicación, distribución, etc. Paris :
Nombre del editor, distribuidor, etc. [s.n.,
Fecha de publicación, distribución, etc. 1917] (
Fabricante Lahure)
300 ## - DESCRIPCIÓN FÍSICA
Extensión 535 p. ;
Dimensiones 24 cm.
740 3# - ENTRADA AGREGADA--TÍTULO RELACIONADO/ANALÍTICO NO CONTROLADO
Título relacionado o analítico no controlado La Névrose d'Angoisse et les états d'emotivité anxieuse.
852 ## - LOCALIZACIÓN
Ubicación ES-MaACL
Número de control de estantería E-1511
Holdings
Estatus retirado Estado de pérdida Estado de daño No para préstamo Biblioteca de origen Biblioteca actual Ubicación en estantería Fecha de adquisición Fuente de adquisición Total de préstamos Signatura topográfica completa Código de barras Visto por última vez Precio de reemplazo Tipo de ítem Koha
        Biblioteca del Ateneo de Madrid Biblioteca del Ateneo de Madrid Depósito 2 17/01/2008     E-1511 1082245 23/02/2023 23/02/2023 Libro impreso